7-Down Quiz Stats

Quiz Updated Aug 22, 2012

Also try: What's Left?
Challenge
Share
Tweet
Embed
Score 0/42 Timer 03:00
1 Play Today
Clue Word % Correct
Word 2RAT
90.5%
Word 2R
90%
Word 2RA
89.9%
Word 2RATE
89.6%
Word 3I
89.4%
Word 3IN
88.2%
Word 3WING
88%
Word 2PIRATE
88%
Word 2IRATE
87.8%
Word 3WIN
87.3%
Word 3SWING
86.5%
Word 4MAN
85.5%
Word 4M
85.2%
Word 2PIRATED
85.1%
Word 4MA
84.9%
Word 1A
82.3%
Word 4MARTIN
82%
Word 1AT
79.2%
Word 1PAT
78.5%
Word 4MARTINI
78.4%
Word 1PÂTÉ
76.9%
Clue Word % Correct
Word 4MAIN
76.5%
Word 4MARIN
72%
Word 3SOWING
71.2%
Word 1PATER
70.1%
Word 5L
69%
Word 5LI
69%
Word 3STOWING
68.5%
Word 5LIT
67.6%
Word 5LITE
65.3%
Word 5LITER
63.7%
Word 6T
62.7%
Word 6BEST
61.4%
Word 6ET
61%
Word 6EST
60.1%
Word 5LITTER
59.6%
Word 1PATTERN
59.5%
Word 6BEAST
57.5%
Word 1PATTER
56.1%
Word 6BREAST
53.8%
Word 6ABREAST
48.6%
Word 5FLITTER
47.3%

You're not logged in!

Compare scores with friends on all Sporcle quizzes.
Sign Up with Email
OR
Log In

You Might Also Like...

Show Comments

Extras

Top Quizzes Today


Score Distribution

Your Account Isn't Verified!

In order to create a playlist on Sporcle, you need to verify the email address you used during registration. Go to your Sporcle Settings to finish the process.